000 00343nam a2200157Ia 4500
008 240830s1905 xx 000 0 und d
041 _asan
082 _a1
100 _aAPATE
245 _aRASRANTNASAMUCHAYA
250 _a1
260 _aSANGAI
_bN.D.
_c1905
300 _a100p
906 _aRASRANTNASAMUCHAYA
999 _c1183932
_d1183932